[Event "Kiel op-B 28th"]
[Site "Kiel"]
[Date "2015.07.30"]
[Round "8"]
[White "Lange, Edgar"]
[Black "Steffen, Joern"]
[Result "1/2-1/2"]
[WhiteElo "1599"]
[BlackElo "1682"]
[PlyCount "44"]
[EventDate "2015.07.25"]
[EventType "swiss"]
[EventRounds "9"]
[EventCountry "GER"]
[SourceTitle "EXT 2017"]
[Source "ChessBase"]
[SourceDate "2016.10.25"]
[SourceVersion "1"]
[SourceVersionDate "2016.10.25"]
[SourceQuality "1"]

1. e4 c5 2. c3 Nf6 3. e5 Nd5 4. Nf3 Nc6 5. Bc4 Nb6 6. Bb3 c4 7. Bc2 e6 8. 0-0 g6 9. d4 cxd3 10. Bxd3 Qc7 11. Re1 Bg7 12. Bf4 0-0 13. Qd2 Nd5 14. Bh6 d6 15. Bxg7 Kxg7 16. exd6 Qxd6 17. Be4 Rd8 18. Na3 Nf6 19. Qxd6 Rxd6 20. Bxc6 bxc6 21. Rad1 Rxd1 22. Rxd1 Ba6 1/2-1/2

[Event "Kiel op-B 28th"]
[Site "Kiel"]
[Date "2015.07.27"]
[Round "5"]
[White "Steffen, Joern"]
[Black "Wichmann, Gerd"]
[Result "0-1"]
[WhiteElo "1682"]
[BlackElo "1689"]
[PlyCount "82"]
[EventDate "2015.07.25"]
[EventType "swiss"]
[EventRounds "9"]
[EventCountry "GER"]
[SourceTitle "EXT 2017"]
[Source "ChessBase"]
[SourceDate "2016.10.25"]
[SourceVersion "1"]
[SourceVersionDate "2016.10.25"]
[SourceQuality "1"]

1. d4 e6 2. c4 d5 3. Nc3 Nf6 4. Nf3 Be7 5. cxd5 exd5 6. Bf4 Bf5 7. Qb3 b6 8. e3 0-0 9. Rc1 Bd6 10. Bxd6 cxd6 11. Nxd5 Nbd7 12. Nb4 Be4 13. Be2 Rc8 14. 0-0 Rxc1 15. Rxc1 Qb8 16. Ng5 Bb7 17. Nc6 Bxc6 18. Rxc6 d5 19. Qc2 h6 20. Nh3 Ne4 21. f3 Ng5 22. Nxg5 hxg5 23. Qf5 Nf6 24. Bd3 Qe8 25. Rc2 Qxe3+ 26. Kf1 Qxd4 27. Rd2 Qf4 28. Qxf4 gxf4 29. Ba6 Rd8 30. Rd4 g5 31. Bb7 Rd7 32. Bc6 Rd6 33. Bb7 Kg7 34. Ba6 Ne8 35. Rd3 d4 36. Rd2 Nc7 37. Bb7 Ne6 38. Be4 Rd7 39. Ke2 Rc7 40. Kd3 Kf6 41. Bd5 Ke5 0-1

[Event "Kiel op-B 28th"]
[Site "Kiel"]
[Date "2015.07.26"]
[Round "4"]
[White "Draasch, Heiko"]
[Black "Steffen, Joern"]
[Result "1/2-1/2"]
[WhiteElo "1618"]
[BlackElo "1682"]
[PlyCount "49"]
[EventDate "2015.07.25"]
[EventType "swiss"]
[EventRounds "9"]
[EventCountry "GER"]
[SourceTitle "EXT 2017"]
[Source "ChessBase"]
[SourceDate "2016.10.25"]
[SourceVersion "1"]
[SourceVersionDate "2016.10.25"]
[SourceQuality "1"]

1. f4 Nf6 2. b3 b6 3. Nf3 Bb7 4. e3 d5 5. Bb2 e6 6. Be2 Be7 7. 0-0 0-0 8. Ne5 Nbd7 9. d3 Bc5 10. d4 Be7 11. Nd2 Rc8 12. Bd3 c5 13. Ndf3 cxd4 14. exd4 Ne4 15. c4 dxc4 16. Bxc4 Ndf6 17. Ng5 Nxg5 18. fxg5 Nd5 19. Qe2 Bxg5 20. Rad1 Ne3 21. Ba3 Nxd1 22. Bxf8 Be3+ 23. Kh1 Nf2+ 24. Rxf2 Bxf2 25. Qxf2 1/2-1/2